000 00870nam a2200289 i 4500
001 000021147
003 DO-SdBNP
005 20230524105849.0
007 ta
008 100901s1947 sp 000 0 spa d
040 _aDO-SdBNP
_bspa
_cBNPHU
_erda
049 _aBNPD
082 4 _bP718d
_222
100 1 _aPlatón
_944218
_eautor
245 1 0 _aDiálogos /
_cPlatón ; versión Juan Garriga ; notas Rafael W. Emerson
264 1 _aBarcelona :
_bIberia,
_c1947.
300 _a194 páginas ;
_c19 cm.
336 _2rdacontent
_atexto
_btxt
337 _2rdamedia
_asin mediación
_bn
338 _2rdacarrier
_avolumen
_bnc
490 _aObras Maestras
500 _aIncluye referencias bibliográficas y notas al pie de las páginas
590 _aInventariado, 2023/BT
700 1 _aW. Emersson, Rafael,
_enotas
_983444
910 _aBtavárez
942 _2ddc
_cLBS1
999 _c20649
_d20649